| 000 | 00902cam a2200277 a 4500 | ||
|---|---|---|---|
| 001 | 8260537 | ||
| 003 | GBCCL | ||
| 005 | 20241126110329.0 | ||
| 008 | 080709s2008 ii g b 000 0 eng d | ||
| 020 | _a9788184580372 | ||
| 035 | _a(OCoLC)ocn689117417 | ||
| 035 | _a8260537 | ||
| 040 |
_aIiNdDKA _beng _cIiNdDKA _dCtY-D |
||
| 043 | _aa-ii--- | ||
| 082 | 0 | 4 |
_a201.709 54 _222 _bTIW |
| 100 | 1 |
_aTiwari, Ravi, _d1948- _91221 |
|
| 245 | 1 | 0 |
_aReflections and studies in religion / _cRavi Tiwari. |
| 260 |
_aDelhi : _bIndian Society for Promoting Christian Knowledge, _c2008. |
||
| 300 |
_ax, 194 p. ; _c22 cm. |
||
| 500 | _aArticles; most previously published. | ||
| 504 | _aIncludes bibliographical references. | ||
| 650 | 0 |
_aReligion and sociology _zIndia. _91222 |
|
| 650 | 0 |
_aChristianity and other religions _xHinduism. _9366 |
|
| 650 | 0 |
_aHinduism _xRelations _zChristianity. _91223 |
|
| 942 |
_2ddc _cBK _010 |
||
| 999 |
_c75 _d75 |
||